<?xml version="1.0" encoding="UTF-8"?>
<record
    xmlns:xsi="http://www.w3.org/2001/XMLSchema-instance"
    xsi:schemaLocation="http://www.loc.gov/MARC21/slim http://www.loc.gov/standards/marcxml/schema/MARC21slim.xsd"
    xmlns="http://www.loc.gov/MARC21/slim">

  <leader>02891nam a2200385 a 4500</leader>
  <controlfield tag="001">000001818</controlfield>
  <controlfield tag="005">20200929145720.0</controlfield>
  <controlfield tag="008">090629s2005    cu ac         001 0 spa d</controlfield>
  <datafield tag="020" ind1=" " ind2=" ">
    <subfield code="a">959211269X</subfield>
  </datafield>
  <datafield tag="040" ind1=" " ind2=" ">
    <subfield code="a">DO-SdBNP</subfield>
    <subfield code="b">spa</subfield>
    <subfield code="c">BNPHU</subfield>
  </datafield>
  <datafield tag="082" ind1=" " ind2=" ">
    <subfield code="a">303.625</subfield>
    <subfield code="b">W442h</subfield>
  </datafield>
  <datafield tag="245" ind1="0" ind2="0">
    <subfield code="a">Welcome Home :</subfield>
    <subfield code="b">torturadores, asesinos y terroristas refugiados en EE. UU. /</subfield>
    <subfield code="c">pr&#xF3;logo Gerardo Hern&#xE1;ndez Nordelo ; Heriberto Rosabal ... [et al.].</subfield>
  </datafield>
  <datafield tag="260" ind1=" " ind2=" ">
    <subfield code="a">La Habana :</subfield>
    <subfield code="b">Capit&#xE1;n San Luis,</subfield>
    <subfield code="c">2005.</subfield>
  </datafield>
  <datafield tag="300" ind1=" " ind2=" ">
    <subfield code="a">273 p. :</subfield>
    <subfield code="b">il., retrs. ;</subfield>
    <subfield code="c">22 cm.</subfield>
  </datafield>
  <datafield tag="505" ind1="0" ind2=" ">
    <subfield code="g">Pr&#xF3;logo /</subfield>
    <subfield code="r">Gerardo Hern&#xE1;ndez Nordelo --</subfield>
    <subfield code="t">Esteban Ventura Novo: el hombre del traje blanco /</subfield>
    <subfield code="r">Heriberto Rosabal --</subfield>
    <subfield code="t">Rafael D&#xED;az-Balart y familia: almas en subasta /</subfield>
    <subfield code="r">Mercedes Alonso y Pedro A. Garc&#xED;a --</subfield>
    <subfield code="t">Orlando Piedra: el hombre de oro de Batista /</subfield>
    <subfield code="r">Ciro Bianchi Ross --</subfield>
    <subfield code="t">Rolando Masferrer Rojas: &#xA1;Vol&#xF3; en pedazos el "Tigre"! /</subfield>
    <subfield code="r">Amaury E. del Valle --</subfield>
    <subfield code="t">Relaci&#xF3;n de otros connotados esbirros de la dictadura batistiana que encontraron refugio en Estados Unidos --</subfield>
    <subfield code="t">Andr&#xE9;s Nazario Sarg&#xE9;n: "Habr&#xE1;n hechos de sangre" /</subfield>
    <subfield code="r">Pedro de la Hoz --</subfield>
    <subfield code="t">Orlando Bosch &#xC1;vila: tiene cientos de muertos clavados en las pesta&#xF1;as /</subfield>
    <subfield code="r">Jos&#xE9; Antonio Fulgueiras --</subfield>
    <subfield code="t">Guillermo Novo Sampoll: &#xA1;Yo no soy un terrorista! /</subfield>
    <subfield code="r">Manuel Hevia Frasquieri --</subfield>
    <subfield code="t">Pedro Crisp&#xED;n Rem&#xF3;n Rodr&#xED;guez: el sicario de la m&#xE1;scara negra /</subfield>
    <subfield code="r">Manuel Hevia Frasquieri --</subfield>
    <subfield code="t">Luis Zu&#xF1;iga Rey: "Es nuestro hijo de puta..." /</subfield>
    <subfield code="r">Luis B&#xE1;ez --</subfield>
    <subfield code="t">Ram&#xF3;n Sa&#xFA;l S&#xE1;nchez Rizo: &#xBF;Un "pacifista", un "dem&#xF3;crata" que se pasa 40 a&#xF1;os poniendo bombas...? /</subfield>
    <subfield code="r">L&#xE1;zaro Barredo --</subfield>
    <subfield code="t">Algo m&#xE1;s sobre el terrorista Ram&#xF3;n sa&#xFA;l S&#xE1;nchez Rizo /</subfield>
    <subfield code="r">Ren&#xE9; Gonz&#xE1;lez Sehwerert --</subfield>
    <subfield code="t">Leonel Mac&#xED;as Gonz&#xE1;lez: traici&#xF3;n en el canal. La muerte en la 50-34 /</subfield>
    <subfield code="r">Ileana Garc&#xED;a --</subfield>
    <subfield code="t">Rodolfo Fr&#xF3;meta: Fr&#xF3;meta y F-4: el cruce gen&#xE9;tico del terrorismo /</subfield>
    <subfield code="r">Joel Garc&#xED;a --</subfield>
    <subfield code="t">Luis Posada Carriles: el diablo los cr&#xED;a y el diablo los junta. El que faltaba /</subfield>
    <subfield code="r">Juan Carlos Rodr&#xED;guez Cruz --</subfield>
    <subfield code="t">A manera de ep&#xED;logo /</subfield>
    <subfield code="r">Ren&#xE9; Gonz&#xE1;lez Sehwerert --</subfield>
    <subfield code="g">De los autores.</subfield>
  </datafield>
  <datafield tag="650" ind1=" " ind2="4">
    <subfield code="a">Terroristas</subfield>
    <subfield code="x">Ensayos, conferencias, etc.</subfield>
    <subfield code="9">5896</subfield>
  </datafield>
  <datafield tag="650" ind1=" " ind2="4">
    <subfield code="a">Terrorismo</subfield>
    <subfield code="x">Estudio de casos</subfield>
    <subfield code="9">5897</subfield>
  </datafield>
  <datafield tag="651" ind1=" " ind2="4">
    <subfield code="a">Estados Unidos</subfield>
    <subfield code="x">Relaciones Exteriores</subfield>
    <subfield code="z">Siglo Xxi</subfield>
    <subfield code="9">5898</subfield>
  </datafield>
  <datafield tag="700" ind1="1" ind2=" ">
    <subfield code="a">Rosabal, Heriberto</subfield>
    <subfield code="9">5899</subfield>
  </datafield>
  <datafield tag="700" ind1="1" ind2=" ">
    <subfield code="a">Alonso, Mercedes</subfield>
    <subfield code="9">5900</subfield>
  </datafield>
  <datafield tag="700" ind1="1" ind2=" ">
    <subfield code="a">Garc&#xED;a, Pedro A.</subfield>
    <subfield code="9">5901</subfield>
  </datafield>
  <datafield tag="700" ind1="1" ind2=" ">
    <subfield code="a">Bianchi Ross, Ciro</subfield>
    <subfield code="9">5902</subfield>
  </datafield>
  <datafield tag="700" ind1="1" ind2=" ">
    <subfield code="a">Valle, Amaury E. del</subfield>
    <subfield code="9">5903</subfield>
  </datafield>
  <datafield tag="700" ind1="1" ind2=" ">
    <subfield code="a">Hoz, Pedro de la</subfield>
    <subfield code="9">5904</subfield>
  </datafield>
  <datafield tag="700" ind1="1" ind2=" ">
    <subfield code="a">Fulgueiras, Jos&#xE9; Antonio</subfield>
    <subfield code="9">5905</subfield>
  </datafield>
  <datafield tag="700" ind1="1" ind2=" ">
    <subfield code="a">Hevia Frasquieri, Manuel</subfield>
    <subfield code="9">5906</subfield>
  </datafield>
  <datafield tag="700" ind1="1" ind2=" ">
    <subfield code="a">B&#xE1;ez, Luis</subfield>
    <subfield code="9">5907</subfield>
  </datafield>
  <datafield tag="700" ind1="1" ind2=" ">
    <subfield code="a">Barredo, L&#xE1;zaro</subfield>
    <subfield code="9">5908</subfield>
  </datafield>
  <datafield tag="700" ind1="1" ind2=" ">
    <subfield code="a">Gonz&#xE1;lez Sehwerert, Ren&#xE9;</subfield>
    <subfield code="9">5909</subfield>
  </datafield>
  <datafield tag="700" ind1="1" ind2=" ">
    <subfield code="a">Garc&#xED;a, Ileana</subfield>
    <subfield code="9">5910</subfield>
  </datafield>
  <datafield tag="700" ind1="1" ind2=" ">
    <subfield code="a">Garc&#xED;a, Joel</subfield>
    <subfield code="9">5911</subfield>
  </datafield>
  <datafield tag="700" ind1="1" ind2=" ">
    <subfield code="a">Rodr&#xED;guez Cruz, Juan Carlos</subfield>
    <subfield code="9">5912</subfield>
  </datafield>
  <datafield tag="700" ind1="1" ind2=" ">
    <subfield code="a">Hern&#xE1;ndez Nordelo, Gerardo,</subfield>
    <subfield code="e">pr&#xF3;l.</subfield>
    <subfield code="9">5913</subfield>
  </datafield>
  <datafield tag="910" ind1=" " ind2=" ">
    <subfield code="a">Validado. Control de calidad. EMS</subfield>
  </datafield>
  <datafield tag="952" ind1=" " ind2=" ">
    <subfield code="0">0</subfield>
    <subfield code="1">0</subfield>
    <subfield code="5">0</subfield>
    <subfield code="7">1</subfield>
    <subfield code="8">MO</subfield>
    <subfield code="a">GR</subfield>
    <subfield code="b">GR</subfield>
    <subfield code="c">HD</subfield>
    <subfield code="d">2009-06-29</subfield>
    <subfield code="i">LF1</subfield>
    <subfield code="l">0</subfield>
    <subfield code="o">303.625 W442h</subfield>
    <subfield code="p">1818-10</subfield>
    <subfield code="r">2020-06-25</subfield>
    <subfield code="w">2020-06-25</subfield>
    <subfield code="y">1</subfield>
    <subfield code="Z">No se presta</subfield>
  </datafield>
  <datafield tag="952" ind1=" " ind2=" ">
    <subfield code="0">0</subfield>
    <subfield code="1">0</subfield>
    <subfield code="5">0</subfield>
    <subfield code="7">1</subfield>
    <subfield code="8">MO</subfield>
    <subfield code="a">GR</subfield>
    <subfield code="b">GR</subfield>
    <subfield code="c">HD</subfield>
    <subfield code="d">2009-06-29</subfield>
    <subfield code="i">LF1</subfield>
    <subfield code="l">0</subfield>
    <subfield code="o">303.625 W442h</subfield>
    <subfield code="p">1818-20</subfield>
    <subfield code="r">2020-06-25</subfield>
    <subfield code="t">e. 2</subfield>
    <subfield code="w">2020-06-25</subfield>
    <subfield code="y">1</subfield>
    <subfield code="Z">No se presta</subfield>
  </datafield>
  <datafield tag="999" ind1=" " ind2=" ">
    <subfield code="c">1695</subfield>
    <subfield code="d">1695</subfield>
  </datafield>
</record>
